Another string to Archer`s bow...transforming the Embankment (Record no. 9654)
[ view plain ]
| 000 -LEADER | |
|---|---|
| fixed length control field | 00822cab a2200193 4500 |
| 001 - CONTROL NUMBER | |
| control field | ABS39170 |
| 008 - FIXED-LENGTH DATA ELEMENTS--GENERAL INFORMATION | |
| fixed length control field | 090401t1988 xxu||||| |||| 00| 0 eng d |
| 035 ## - SYSTEM CONTROL NUMBER | |
| System control number | (Sirsi) u14788 |
| 041 ## - LANGUAGE CODE | |
| Language code of text/sound track or separate title | eng |
| 100 ## - MAIN ENTRY--PERSONAL NAME | |
| Personal name | Roskrow, B. |
| 245 ## - TITLE STATEMENT | |
| Title | Another string to Archer`s bow...transforming the Embankment |
| 260 ## - PUBLICATION, DISTRIBUTION, ETC. | |
| Date of publication, distribution, etc. | 1988 |
| 350 ## - PRICE (NR) (BK AM CF MU VM SE) [OBSOLETE] | |
| Price | 0 |
| 490 ## - SERIES STATEMENT | |
| Series statement | Construction News |
| Volume/sequential designation | (6064) 26 May 1988, 22-23(2) |
| 520 ## - SUMMARY, ETC. | |
| Summary, etc. | A report on the Embankment Place development in London , which is under construction in Villiers Street. A great deal of technical and engineering expertise has had to be applied to foundations and superstructure as the development starts in the vaults below Charing Cross station and rises above it to straddle the tracks. |
| 690 ## - LOCAL SUBJECT ADDED ENTRY--TOPICAL TERM (OCLC, RLIN) | |
| Topical term or geographic name as entry element | BUILDING AND CONSTRUCTION-PROJECTS |
| 942 ## - ADDED ENTRY ELEMENTS (KOHA) | |
| Suppress in OPAC | 0 |
| 948 ## - LOCAL PROCESSING INFORMATION (OCLC); SERIES PART DESIGNATOR (RLIN) | |
| c (OCLC) | 04/03/1997 |
| Withdrawn status | Lost status | Source of classification or shelving scheme | Damaged status | Not for loan | Home library | Current library | Shelving location | Date acquired | Total Checkouts | Full call number | Barcode | Date last seen | Copy number | Price effective from | Koha item type |
|---|---|---|---|---|---|---|---|---|---|---|---|---|---|---|---|
| Dewey Decimal Classification | London | London | Journal article | 14/09/1999 | ABS39170 | 14788-1001 | 06/08/2019 | 1 | 06/08/2019 | Journal article |